000 00493nam a2200169Ia 4500
003 OSt
005 20260313152238.0
008 211028s2014 xx 000 0 und d
040 _cAIMIT LIBRARY
041 _aeng
100 _aPatrao, Ishana Lorraine Joan;Lobo, Lanwin.
_g111736
_94135
110 _aSrinivas B L
_94136
245 _aSubscription of star sports application based on Android platform /
260 _aBangalore
_c2014
710 _aCorporation Bank
_94137
942 _2ddc
_cPRO
999 _c217468
_d217468